| 000 | 00773nam a2200253 a 4500 | ||
|---|---|---|---|
| 999 |
_c4659 _d4659 |
||
| 001 | 4334013 | ||
| 003 | GBCCL | ||
| 005 | 20241126110523.0 | ||
| 008 | 881028s1987 ilu b 000 0 eng | ||
| 010 | _a 88138743 | ||
| 020 | _a0891911111 (pbk.) | ||
| 020 | _a1555131654 (with additional Bible study : pbk.) | ||
| 040 |
_aDLC _cDLC _dDLC |
||
| 050 | 0 | 0 |
_aBJ2021 _b.M25 1987 |
| 082 | 0 | 0 |
_a241.671 _219 _bMAI |
| 100 | 1 |
_aMains, Karen Burton. _98545 |
|
| 245 | 1 | 0 |
_aOpen heart, open home / _cKaren Burton Mains. |
| 260 |
_aElgin, Ill. : _bD.C. Cook Pub. Co., _cc1987. |
||
| 300 |
_a216 p. ; _c21 cm. |
||
| 504 | _aBibliography: p. [6] | ||
| 650 | 0 |
_aHospitality _xMoral and ethical aspects. _99021 |
|
| 906 |
_a7 _bcbc _corignew _d3 _encip _f19 _gy-gencatlg |
||
| 942 |
_2ddc _cBK |
||